00598nam a2200193Ia 450000500170000000800410001704000190005804100120007708200180008924500860010726000360019330000170022950400500024663000260029665000280032265100220035070000220037285000100039420240118094230.0131103s9999 xx 000 0 und d aLoreto College aEnglish a327.1(I)bHEI 2aA diplomtic history of modern india.cCharles H. Heimsath [ and ] Surjit Mansingh aBombaybAllied Publishersc1971 axii, 559 p.  aIncludes bibliographical references and index aIndia, Foreign Policy aInternational Relations aPolitical Science aMansingh , Surjit aLCLIB